00686nam a2200241 a 4500001001300000003000900013005001700022008004100039020000900080082001700089100002200106245002300128260003300151300000900184500003500193505002400228650002400252700002200276902000800298942000700306952011600313999001500429nice12345678IN_TiNIC20260116012328.0050524s1981 dela grp 000 0 eng  ac7500a297.23bISL1 aIslam, Khaja Mohd aSpectacle of Death aDelhibAdam Publishersc1981 a502p aincludes index and biblioraphy2 aBibliography, Index aEschatology-Islamic1 aIslam, Khaja Mohd bSRS cBK 001040708StackRoom-aHMIbHMId2007-07-13g75.00l0o297.23 ISL1p011244r2007-07-13v75.00w2005-05-24yBK c6583d6583